Desarrollo de un plan de fortalecimiento administrativo, técnico y comercial a empresas de biocomercio de la región del sur de la Amazonía (Registro nro. 6064)

Detalles MARC
000 -CABECERA
Campo de control 00456nam a2200133 a 4500
090 ## - CLASIFICACIÓN LOCAL
Colección IAVH
Consecutivo 00767
041 ## - IDIOMA
Código de idioma para texto/pista de sonido o título separado Español
100 ## - ASIENTO PRINCIPAL--NOMBRE PERSONAL
Nombre personal Mejía Gonzalez, Diana
245 ## - MENCION DE TITULO
Título Desarrollo de un plan de fortalecimiento administrativo, técnico y comercial a empresas de biocomercio de la región del sur de la Amazonía
260 ## - PUBLICACION, DISTRIBUCION, ETC. (PIE DE IMPRENTA)
Lugar de publicación, distribución, etc. Bogotá
Nombre del editor, distribuidor, etc. Instituto Alexander von Humboldt
-- CORPOAMAZONIA
Fecha de publicación, distribución, etc. 2008
300 ## - DESCRIPCION FISICA
Extensión 9 p.
942 ## - ELEMENTOS ADICIONALES (KOHA)
Tipo de ítem
945 ## - PROCESAMIENTO LOCAL
AAAA-MM-DD - Fecha de ingreso o modificacion 2007-07-14
Existencias
Withdrawn status Lost status Sistema de Clasificación Damaged status No para préstamo Colección Ubicación Permanente Ubicación actual Fecha de adquisición Total Checkouts Número topográfico Inventario / Código de Barras Date last seen Ejemplar Price effective from Forma de adquisición Tipo de material
    Local     Audiovisual Bogotá Bogotá 14/07/2008   IAVH-00767 026140 04/12/2012 Ej. 2 04/12/2012 Institucional CD-ROM
    Local     Humboldt Villa de Leyva Villa de Leyva 14/07/2008   IAVH-00767 026139 04/12/2012 Ej. 1 04/12/2012   Informe Técnico